Электромагнитные процессы в системах генерирования электрической энергии для автономных объектов

Detalles Bibliográficos
Autor Principal: Харитонов С. А. Сергей Александрович
Summary:Дан анализ электромагнитных процессов в системах генерирования электрической энергии типа "магнитоэлектрический генератор с переменной частотой вращения вала - полупроводниковый преобразователь". Рассмотрены системы генерирования постоянного и переменного токов с тиристорными и транзисторными преобразователями частоты. Проведен анализ и синтез основных параметров систем генерирования электрической энергии для летательных аппаратов и ветроэнергетических установок при переменной частоте вращения вала синхронного генератора; рассмотрены законы управления выпрямителями, непосредственными преобразователями частоты с естественной коммутацией и инверторами напряжения при работе в составе СГЭЭ постоянного и переменного тока. Обосновано преимущество использования модульного принципа построения мощных преобразователей частоты для систем генерирования электрической энергии летательных аппаратов и ветроэнергетических установок. Адресована специалистам, занимающимся разработкой систем электропитания для автономных объектов, а также студентам и аспирантам, специализирующимся в области силовой электроники и электрооборудования транспортных средств и летательных аппаратов.
Idioma:ruso
Publicado: Новосибирск, Изд-во НГТУ, 2011
Series:Монографии НГТУ
Subjects:
Formato: MixedMaterials Libro
KOHA link:https://koha.lib.tpu.ru/cgi-bin/koha/opac-detail.pl?biblionumber=195960

MARC

LEADER 00000nam0a2200000 4500
001 195960
005 20231101224647.0
010 |a 9785778215535 
035 |a (RuTPU)RU\TPU\book\213776 
090 |a 195960 
100 |a 20110517d2011 k y0rusy50 ca 
101 0 |a rus 
102 |a RU 
105 |a a z 001zy 
200 1 |a Электромагнитные процессы в системах генерирования электрической энергии для автономных объектов  |d Electromagnetic Processes in Power Generating Systems for Stand-Alone Units  |f С. А. Харитонов 
210 |a Новосибирск  |c Изд-во НГТУ  |d 2011 
215 |a 536 с.  |c ил. 
225 1 |a Монографии НГТУ 
320 |a Библиогр.: с. 503-531 
330 |a Дан анализ электромагнитных процессов в системах генерирования электрической энергии типа "магнитоэлектрический генератор с переменной частотой вращения вала - полупроводниковый преобразователь". Рассмотрены системы генерирования постоянного и переменного токов с тиристорными и транзисторными преобразователями частоты. Проведен анализ и синтез основных параметров систем генерирования электрической энергии для летательных аппаратов и ветроэнергетических установок при переменной частоте вращения вала синхронного генератора; рассмотрены законы управления выпрямителями, непосредственными преобразователями частоты с естественной коммутацией и инверторами напряжения при работе в составе СГЭЭ постоянного и переменного тока. Обосновано преимущество использования модульного принципа построения мощных преобразователей частоты для систем генерирования электрической энергии летательных аппаратов и ветроэнергетических установок. Адресована специалистам, занимающимся разработкой систем электропитания для автономных объектов, а также студентам и аспирантам, специализирующимся в области силовой электроники и электрооборудования транспортных средств и летательных аппаратов. 
510 1 |a Electromagnetic Processes in Power Generating Systems for Stand-Alone Units  |z eng 
606 1 |a Преобразователи  |x Электромагнитные процессы  |2 stltpush  |3 (RuTPU)RU\TPU\subj\51159  |9 69762 
610 1 |a электрическая энергия 
610 1 |a генерирование 
610 1 |a мехатронные системы 
610 1 |a математические модели 
610 1 |a анализ 
610 1 |a синхронные генераторы 
610 1 |a полупроводниковые преобразователи 
610 1 |a выпрямители 
610 1 |a энергетические характеристики 
610 1 |a алгоритмы управления 
610 1 |a синтез 
610 1 |a монографии 
675 |a 621.314.5  |v 4 
700 1 |a Харитонов  |b С. А.  |g Сергей Александрович 
801 1 |a RU  |b 63413507  |c 20110517 
801 2 |a RU  |b 63413507  |c 20181114  |g RCR 
900 |a Электромагнитные переходные процессы в электрических системах 
942 |c BK 
959 |a 51/20110517  |d 1  |e 772,00  |f ЧЗТЛ:1 
959 |a 71/20120511  |d 2  |e 772,00  |f ЧЗТЛ:1  |f АНЛ:1